Technical drawing (Record no. 14430)
[ view plain ]
| 000 -LEADER | |
|---|---|
| fixed length control field | 00486pam a2200157 4500 |
| 020 ## - ISBN | |
| International Standard Book Number | 0023427000 |
| 050 00 - LIBRARY OF CONGRESS CALL NUMBER | |
| Classification Number | T353 |
| Item Number | .G52 1974 |
| 100 1# - MAIN ENTRY--Author | |
| Personal name | Giesecke, Frederick E. |
| Dates associated with a name | 1869-1953. |
| 245 10 - TITLE | |
| Title | Technical drawing |
| Statement of responsibility, etc | [by] Frederick E. Giesecke [and others] |
| 250 ## - EDITIONSTATEMENT | |
| Edition statement | 6th ed. |
| Remainder of edition statement | revised by Henry Cecil Spencer and Ivan Leroy Hill. |
| 260 ## - PUBLICATION, DISTRIBUTION, ETC.(IMPRINT) | |
| Place of publication, distribution, etc | New York, |
| Name of publisher, distributor, etc | Macmillan |
| Date of publication, distribution, etc | [1974] |
| 300 ## - PHYSICAL DESCRIPTION | |
| Extent | ix, 867 p. |
| 700 1# - ADDED ENTRY--PERSONAL AUTHOR | |
| Personal Name | Spencer, Henry Cecil, |
| 700 1# - ADDED ENTRY--PERSONAL AUTHOR | |
| Personal Name | Hill, Ivan Leroy. |
| 942 ## - ADDED ENTRY ELEMENTS(KOHA) | |
| Source of classification or shelving scheme | Library of Congress Classification |
| Koha item type | General circulation |
| Source of classification or shelving scheme | Not for loan | Location (home branch) | Sublocation (holding branch) | Shelving location | Date accessioned | Full call number | Barcode | Nonpublic note | Koha item type |
|---|---|---|---|---|---|---|---|---|---|
| Library of Congress Classification | Main Campus Library | Main Campus Library | 23/05/2016 | T353 .G52 1974 | 2016/015964 | amm | General circulation |